All Hololive Members - Statistics

General Stats
  • This quiz has been taken 4,067 times
    1,667 since last reset
  • The average score is 56 of 104
Answer Stats
Hint Answer % Correct
hololive EN Gawr Gura
92%
hololive EN Mori Calliope
89%
hololive EN Amelia Watson
87%
hololive GAMERS | hololive Gens 1-6 Shirakami Fubuki
87%
hololive EN Takanashi Kiara
87%
Solo Debutants/hololive 0th Gen Hoshimachi Suisei
86%
hololive GAMERS Inugami Korone
86%
hololive EN Ninomae Ina'nis
86%
hololive EN Ceres Fauna
84%
hololive EN Fuwawa Abyssgard
84%
hololive EN Mococo Abyssgard
84%
Solo Debutants/hololive 0th Gen Tokino Sora
84%
Project: HOPE IRyS
83%
hololive EN Nanashi Mumei
83%
Solo Debutants/hololive 0th Gen Sakura Miko
83%
hololive EN Hakos Baelz
82%
hololive GAMERS Nekomata Okayu
82%
hololive EN Ouro Kronii
82%
hololive Gens 1-6 Houshou Marine
81%
hololive EN Nerissa Ravencroft
81%
hololive GAMERS Ookami Mio
81%
INoNaKa MUSIC AZKi
80%
hololive EN Koseki Bijou
80%
hololive EN Shiori Novella
79%
hololive Gens 1-6 Usada Pekora
79%
hololive ID Kobo Kanaeru
78%
hololive EN Tsukumo Sana
78%
hololive Gens 1-6 Oozora Subaru
77%
hololive ID Kureiji Ollie
76%
Solo Debutants/hololive 0th Gen Roboco
76%
hololive Gens 1-6 Kiryu Coco
74%
hololive Gens 1-6 La+ Darknesss
74%
hololive ID Moona Hoshinova
74%
hololive Gens 1-6 Shirogane Noel
73%
hololive Gens 1-6 Shiranui Flare
72%
hololive Gens 1-6 Shishiro Botan
72%
hololive ID Kaela Kovalskia
70%
hololive Gens 1-6 Minato Aqua
70%
hololive Gens 1-6 Omaru Polka
70%
hololive Gens 1-6 Takane Lui
70%
hololive Gens 1-6 Uruha Rushia
70%
hololive Gens 1-6 Yuzuki Choco
70%
hololive Gens 1-6 Amane Kanata
68%
hololive ID Ayunda Risu
68%
hololive Gens 1-6 Momosuzu Nene
68%
hololive Gens 1-6 Sakamata Chloe
68%
hololive Gens 1-6 Tokoyami Towa
68%
hololive Gens 1-6 Tsunomaki Watame
68%
hololive ID Vestia Zeta
68%
hololive Gens 1-6 Yukihana Lamy
68%
hololive Gens 1-6 Murasaki Shion
67%
hololive Gens 1-6 Natsuiro Matsuri
67%
hololive Gens 1-6 Yozora Mel
67%
hololive ID Anya Melfissa
66%
hololive ID Pavolia Reine
66%
hololive Gens 1-6 Akai Haato
65%
hololive Gens 1-6 Kazama Iroha
65%
hololive Gens 1-6 Hakui Koyori
64%
hololive Gens 1-6 Himemori Luna
64%
hololive DEV_IS Hiodoshi Ao
64%
hololive Gens 1-6 Nakiri Ayame
63%
hololive ID Airani Iofifteen
62%
hololive Gens 1-6 Aki Rosenthal
62%
hololive DEV_IS Todoroki Hajime
59%
hololive DEV_IS Juufuutei Raden
58%
hololive DEV_IS Otonose Kanade
58%
hololive DEV_IS Ichijou Ririka
57%
hololive Gens 1-6 Mano Aloe
55%
hololive Gens 1-6 Hitomi Chris
35%
HOLOSTARS EN Regis Altare
26%
HOLOSTARS Yukoku Roberu
26%
HOLOSTARS EN Noir Vesper
25%
HOLOSTARS EN Gavis Bettel
20%
HOLOSTARS Astel Leda
19%
HOLOSTARS EN Banzoin Hakka
19%
HOLOSTARS EN Machina X Flayon
19%
HOLOSTARS EN Magni Dezmond
19%
HOLOSTARS Aragami Oga
18%
HOLOSTARS EN Axel Syrios
17%
HOLOSTARS EN Jurard T Rexford
17%
UPROAR!! Minase Rio
17%
HOLOSTARS EN Octavio
15%
HOLOSTARS Rikka
15%
HOLOSTARS EN Goldbullet
14%
UPROAR!! Hizaki Gamma
14%
HOLOSTARS EN Josuiji Shinri
14%
HOLOSTARS Kagami Kira
14%
HOLOSTARS Kageyama Shien
14%
HOLOSTARS Arurandeisu
13%
hololive CN Spade Echo
13%
hololive CN Artia
12%
hololive CN Civia
12%
HOLOSTARS EN Crimzon Ruze
12%
HOLOSTARS Hanasaki Miyabi
12%
HOLOSTARS Kanade Izuru
12%
HOLOSTARS Kishido Temma
12%
UPROAR!! Yatogami Fuma
12%
hololive CN Doris
11%
UPROAR!! Utsugi Uyu
11%
hololive CN Rosalyn
9%
hololive CN Yogiri
9%
HOLOSTARS Tsukishita Kaoru
7%
HOLOSTARS Yakushiji Suzaku
5%
No matching quizzes found
Score Distribution
Percent of People with Each Score
Percentile by Number Answered
Your Score History
You have not taken this quiz since the last reset